000 00542nam a2200205Ia 4500
005 20250923144409.0
008 008 250917s9999 xx 000 0 eng d
037 _aTextual
040 _aDSWL
_beng
_cDSWL
041 _aeng
_2eng
084 _aX:9:Z3, F81
_qDSWL
100 _aTillyard, Frank
_9824470
245 0 _aWorker and the state
_cby Frank Tillyard
260 _aLondon
_c1948
300 _a302 p.
365 _aINR
_b1.6
925 _g1.6
942 _cTEXL
_hX:9:Z3, F81
999 _c1438339
_d1438339